| 000 | 00848nam a2200241 a 4500 | ||
|---|---|---|---|
| 001 | 000019371 | ||
| 003 | AM-YEHGA | ||
| 005 | 20250618070811.0 | ||
| 008 | 030329s1989 ai a|||gr|||||||||0darm|d | ||
| 020 | _a5807701593 | ||
| 040 | _aAM-YeHGA | ||
| 041 | 0 | _aarm | |
| 100 | 1 |
_aՍանթրյան, Վանիկ Ալեքսանի, _d1935-2017 _91860 |
|
| 245 | 1 | 0 |
_aԴարպասապահը : _bԱկնարկ / _cՎ.Ա. Սանթրյան ; Խմբ.՝ Լ.Տ. Սարգսյան. |
| 260 |
_aԵրևան : _bԱրևիկ, _c1989. |
||
| 300 |
_a128 էջ : _bնկ. ; _c17 սմ. |
||
| 600 | 1 | 4 |
_aԶատիկյան, Սերգեյ Բենիամինի, _d1925-2004 |
| 650 | 1 | 4 |
_aՍպորտ _xՖուտբոլ |
| 650 | 1 | 4 | _aՀայ մարզիկներ |
| 700 | 1 |
_aՍարգսյան, Լիպարիտ Տիգրանի, _d1938-2023 _eխմբ. _4edt _91060 |
|
| 942 |
_2udc _cBK |
||
| 090 | _c6703 | ||
| 999 |
_c6659 _d6659 |
||